İslamcılık cereyanı: (Record no. 12620)

MARC details
000 -BAŞLIK
Sabit Uzunlukta Kontrol Alanı 00929nam a22002177a 4500
999 ## - SİSTEM KONTROL NUMARALARI (KOHA)
Koha Biblionumber 12620
Koha Biblioitemnumber 12620
003 - KONTROL NUMARASI IDENTIFIER
Denetim Alanı MIRAKIL
005 - SON İŞLEM TARİHİ VE ZAMANI
Denetim Alanı 20211214000606.0
008 - SABİT-BOY VERİ ELEMANLARI - GENEL BİLGİLER
Sabit Uzunlukta Kontrol Alanı 190123b tu ||||| |||| 00| 0 tur d
040 ## - KATALOGLAMA KAYNAK
Orijinal Kataloglama Ajansı TR-AnCHP
Metne Dönüştürmek Ajansı TR-AnCHP
082 ## - DEWEY ONLU SINIFLANDIRMA NUMARASI
Sınıflandırma Numarası 320.55
Ürün Numarası T85i 1998
100 1# - ANA GİRİŞ - KİŞİSEL İSİM
Kişisel Ad Tunaya, Tarık Zafer
Bir Adıyla İlişkilendirilen Tarihler 1916-1991
245 10 - BAŞLIK TABLOSU
Başlık İslamcılık cereyanı:
Başlığın Kalan İkinci Meşrutiyetin siyasi hayatı boyunca gelişmesi ve bugüne bıraktığı meseleler /
Sorumluluk Tablosu, Vb Tarık Zafer Tunaya
246 ## - UNVAN FORM VARYING
Başlık Doğru / Kısa Başlığı İkinci Meşrutiyetin siyasi hayatı boyunca gelişmesi ve bugüne bıraktığı meseleler
260 ## - YAYIN, DAĞITIM, VB
Yayın, Dağıtım, Vb Yeri İstanbul:
Yayıncı, Dağıtıcı, Vs Adı Cumhuriyet Gazetesi,
Yayın, Dağıtım, Vb Tarihi 1998.
300 ## - FİZİKSEL TANIM
Kapsam 111 s.
Boyutlar 19 sm.
500 ## - GENEL NOT
Genel Not Cumhuriyet Gazetesinin okurlarına armağanıdır.
650 #0 - KONU KATMA GİRİŞ - TOPİKAL DÖNEM
Topikal Süreli Veya Coğrafi Ad Giriş Elemanı Siyaset ve yönetim
Genel Alt Bölümü Türkiye
9 (RLIN) 9
650 #0 - KONU KATMA GİRİŞ - TOPİKAL DÖNEM
9 (RLIN) 518
Topikal Süreli Veya Coğrafi Ad Giriş Elemanı İslam ve politikalar
Genel Alt Bölümü Türkiye
740 ## - KATMA GİRİŞ - KONTROLSUZ İLGİLİ / ANALİTİK BAŞLIK
Kontrol Edilmeyen / İlgili Analitik Başlıktaki İkinci Meşrutiyetin siyasi hayatı boyunca gelişmesi ve bugüne bıraktığı meseleler /
942 ## - EKLENDİ GİRİŞ ELEMANLARI (KOHA)
Sınıflandırma Veya Raf Düzeni Kaynak Dewey Decimal Classification
Koha Öğesi Türü Books
Holdings
Kalıcı Konum Mevcut Konum Edinme Tarihi Edinim Kaynak Toplam Check-Out'Lar Tam Çağrı Numarası Barkod Tarih Son Görülme İtibaren Geçerli Fiyatlar Koha Öğesi Türü
Parti Okulu Kütüphanesi Parti Okulu Kütüphanesi 01/23/2019 Bağış   320.55 T85i 1998 P00285 01/23/2019 01/23/2019 Books